Software reliability and safety /

Gespeichert in:
Bibliographische Detailangaben
Weitere Verfasser: Littlewood, B (Zusammenstellung), Miller, D (xxx)
Format: Buch
Sprache:Englisch
Veröffentlicht: London : Elsevier Applied Science, 1991
Schlagworte:
Tags: Tag hinzufügen
Keine Tags, Fügen Sie das erste Tag hinzu!

MARC

LEADER 00000nam a22000003a 4500
001 stu2810
005 20201002125538.4
008 921221s1991----uk------------------eng-d
020 |a 1-85166-533-1 
040 |a STU  |b slo 
041 0 |a eng 
044 |a uk 
080 |a 681.32.06 
080 |a 519.683 
080 |a 519.873 
100 1 |a Littlewood, B  |4 com 
245 1 |a Software reliability and safety /  |c Edit.: Littlewood,B.; Miller,D 
260 |a London :  |b Elsevier Applied Science,  |c 1991 
300 |a 216 s 
650 7 |a programové systémy  |2 stusub 
650 7 |a programové vybavenie  |2 stusub 
650 7 |a software  |2 estusub 
650 7 |a spoľahlivosť  |2 stusub 
650 7 |a bezpečnosť  |2 stusub 
700 1 |a Miller, D  |4 xxx 
996 |b I4693  |c I*4693  |l II680  |s A  |a 24  |w stu2810_0001